Effectif Espagnol pour l'Euro 2024 - Statistiques

Statistiques générales
  • Ce quiz a été pris 55 fois
  • Le résultat moyen est 20 sur 49
Statistiques - réponses
Poste Numéro de Maillot Club Actuel Valeur Transfert Réponse % Correct
AD Numéro 19 Barcelone 90,00 M Lamine Yamal
90%
DC Numéro 14 Al Nassr 20,00 M Aymeric Laporte
82%
MOC Numéro 10 RB Leibzig 50,00 M Dani Olmo
80%
AG Numéro 17 Athletico Bilbao 60,00 M Nico Williams
80%
MC Numéro 20 Barcelone 80,00 M Pedri
80%
BU Numéro 7 Atletico Madrid 16,00 M Alvaro Morata
73%
G Numéro 23 Athlétic Bilbao 30,00 M Unai Simon
73%
MC Numéro - Barcelone 90,00 M Gavi
71%
DC Numéro 3 Réal Sociedad 40,00 M Robin Le Normand
71%
MDC Numéro 16 Manchester City 120,00 M Rodri
71%
G Numéro 1 Arsenal 35,00 M David Raya
69%
DG Numéro 24 Chelsea 25,00 M Marc Cucurella
65%
MC Numéro 8 Paris Saint Germain 30,00 M Fabian Ruiz
61%
DG Numéro 12 Bayer Leverkusen 45,00 M Alejandro Grimaldo
57%
MC Numéro 6 Réal Sociedad 50,00 M Mikel Merino
57%
BU Numéro - Girona FC 12,00 M Abel Ruiz
55%
AG Numéro 11 Barcelone 30,00 M Ferran Torres
55%
DC Numéro - Aston Villa 45,00 M Pau Torres
51%
BU Numéro 21 Réal Sociedad 45,00 M Mikel Oyarzabal
49%
G Numéro - Chelsea 12,00 M Kepa Arrizabalaga
47%
MDC Numéro 18 Réal Sociedad 50,00 M Martin Zubimendi
47%
DC Numéro - Barcelone 30,00 M Pau Cubarsi
43%
DD Numéro 22 FC Seville 2,50 M Jesus Navas
41%
DG Numéro - Barcelone 40,00 M Alejandro Balde
39%
MC Numéro 25 Barcelone 30,00 M Fermin Lopez
37%
DG Numéro - Réal Madrid 15,00 M Fran Garcia
31%
BU Numéro 9 AL Gharafa 5,00 M Joselu
31%
DC Numéro 4 Al Qadsiah 3,00 M Nacho Fernandez
31%
MC Numéro - Bayer Leverkusen 25,00 M Aleix Garcia
29%
G Numéro 13 Réal Sociedad 25,00 M Alex Remiro
29%
DC Numéro - Atlético Osasuna 10,00 M David Garcia
29%
MC Numéro - Atletico Madrid 30,00 M Marcos Llorente
29%
MOC Numéro 15 Villarreal 40,00 M Alex Baena
24%
DC Numéro 5 Athlétic Bilbao 25,00 M Dani Vivian
24%
DC Numéro - Barcelone 5,00 M Inigo Martinez
24%
DD Numéro - Tottenham 45,00 M Pedro Porro
22%
AG Numéro 26 Réal Betis 7,00 M Ayoze Perez
20%
DD Numéro - Atletico Madrid 2,00 M César Azpilicueta
18%
BU Numéro - Villarreal 10,00 M Gerard Moreno
18%
AG Numéro - Barcelone 25,00 M Ansu Fati
16%
AD Numéro - Villarreal 30,00 M Yeremy Pino
16%
MOC Numéro - Athletico Bilbao 35,00 M Oihan Sancet
14%
AD Numéro - Wolverhampton 10,00 M Pablo Sarabia
12%
AG Numéro - Atletico Madrid 25,00 M Rodrigo Riquelme
12%
AG Numéro - Bayern Munich 12,00 M Bryan Zaragoza
8%
DG Numéro - Villarreal 5,00 M Alfonso Pedraza
4%
DD Numéro 2 Réal Madrid 12,00 M Daniel Caravajal
4%
AD Numéro - Paris Saint Germain 20,00 M Marco Ascensio
4%
DG Numéro - FC Valencia 25,00 M Jose Gailla
0%
Aucun quiz correspondant
Distribution des résultats
% des personnes avec chaque résultat
Percentile par nombre de réponses
Votre historique - résultats
Vous n’avez pas pris ce quiz